[Event "Top 16 Groupe B"]
[Site "Chartres, France"]
[Date "2024.06.01"]
[Round "3.3"]
[White "Vlachos, Anatole"]
[Black "Di Nicolantonio, Lucas"]
[Result "1/2-1/2"]
[WhiteElo "2470"]
[BlackElo "2406"]
[PlyCount "101"]
[EventDate "2024.??.??"]

1. e4 {2} e6 {38} 2. d4 {8} d5 {5} 3. Nc3 {113} Nf6 {30} 4. e5 {5} Nfd7 {5} 5.
f4 {3} c5 {11} 6. Nf3 {4} Nc6 {13} 7. Be3 {5} cxd4 {31} 8. Nxd4 {6} Qb6 {25} 9.
a3 {321} Bc5 {84} 10. Ncb5 {4} Nxd4 {145} 11. Bxd4 {79} O-O {41} 12. b4 {2}
Bxd4 {6} 13. Qxd4 {4} f6 {262} 14. exf6 {4} Rxf6 {33} 15. g3 {3} a5 {120} 16.
c3 {246} axb4 {183} 17. cxb4 {31} Qxd4 {98} 18. Nxd4 {2} e5 {509} 19. fxe5 {3}
Nxe5 {4} 20. Bg2 {3} Kf8 {271} 21. Rf1 {227} Rxf1+ {180} 22. Kxf1 {582} Nc6 {
427} 23. Nb3 {27} Be6 {296} 24. Nc5 {331} Bf7 {355} 25. Nd7+ {2020} Ke7 {628}
26. Nb6 {2} Rd8 {15} 27. Rd1 {550} d4 {77} 28. Rd2 {32} d3 {715} 29. Kf2 {858}
Ne5 {172} 30. a4 {149} Kd6 {424} 31. a5 {7} Kc7 {10} 32. Ke1 {307} Ng4 {810}
33. Bf3 {108} Ne3 {112} 34. Kf2 {124} Nc2 {46} 35. b5 {15} Rd4 {183} 36. Na8+ {
258} Kb8 {7} 37. Nb6 {1} Kc7 {67} 38. Na8+ {35} Kb8 {5} 39. Nb6 {1} Be8 {105}
40. a6 {105} bxa6 {32} 41. bxa6 {2} Ka7 {566} 42. Nd5 {385} Bb5 43. Ne3 {208}
Nb4 {72} 44. Nf5 {54} Rc4 {264} 45. Nd6 {23} Rc2 {96} 46. Nxb5+ {79} Kxa6 {8}
47. Ke3 {50} Kxb5 {55} 48. Be4 {6} Rxd2 {454} 49. Kxd2 {1} h6 {13} 50. Bxd3+ {3
} Kc5 {4} 51. Ke3 {24} 1/2-1/2

[Event "Top 16 Groupe B"]
[Site "Chartres, France"]
[Date "2024.06.01"]
[Round "3.4"]
[White "Marin, Mihail"]
[Black "Shchekachev, Andrei"]
[Result "1/2-1/2"]
[WhiteElo "2456"]
[BlackElo "2492"]
[PlyCount "40"]
[EventDate "2024.??.??"]

1. c4 {3} c5 {39} 2. g3 {6} g6 {88} 3. Bg2 {10} Bg7 {11} 4. Nc3 {7} Nc6 {18} 5.
Nf3 {12} d6 {40} 6. O-O {21} h5 {455} 7. d3 {78} Nh6 {146} 8. a3 {39} Nf5 {48}
9. Ng5 {170} Qd7 {550} 10. Bd2 {740} b6 {334} 11. b4 {719} Bb7 {21} 12. b5 {57}
Ne5 {485} 13. e4 {776} Nd4 {54} 14. f4 {25} Ng4 {333} 15. h3 {85} Nh6 {60} 16.
Ra2 {140} f5 {215} 17. Ne2 {246} Nf7 {544} 18. Nxf7 {145} Kxf7 {43} 19. Be3 {26
} a6 {1143} 20. bxa6 {133} Nxe2+ {114} 1/2-1/2

[Event "Top 16 Groupe B"]
[Site "Chartres, France"]
[Date "2024.06.01"]
[Round "3.5"]
[White "Van Foreest, Lucas"]
[Black "Ollier, Pablo"]
[Result "1-0"]
[WhiteElo "2505"]
[BlackElo "2301"]
[PlyCount "71"]
[EventDate "2024.??.??"]

1. c4 {8} e6 {121} 2. g3 {52} Nf6 {90} 3. Bg2 {20} d5 {53} 4. d4 {38} Bb4+ {71}
5. Bd2 {59} Bd6 {27} 6. Nf3 {343} c6 {45} 7. Qc2 {370} Nbd7 {60} 8. b3 {388}
O-O {133} 9. Nc3 {23} Qe7 {632} 10. O-O {128} dxc4 {467} 11. bxc4 {12} e5 {79}
12. e3 {291} Re8 {282} 13. Rab1 {397} h6 {62} 14. Nh4 {89} g6 {436} 15. Kh1 {
247} Nf8 {164} 16. dxe5 {7} Bxe5 {145} 17. f4 {206} Bxc3 {268} 18. Bxc3 {55}
Ne4 {359} 19. Ba1 {229} f6 {944} 20. c5 {285} f5 {1135} 21. Rfd1 {290} Kh7 {277
} 22. Qb2 {1238} Nd7 {45} 23. Bxe4 {49} Qxe4+ {40} 24. Kg1 {7} Rg8 {136} 25.
Qxb7 {83} Qxe3+ {11} 26. Kf1 {93} Rg7 {32} 27. Qxa8 {256} Ba6+ {19} 28. Kg2 {4}
Qe2+ {81} 29. Kh1 {94} Bd3 {53} 30. Rxd3 {5} Qxd3 {6} 31. Rg1 {3} Qd5+ {51} 32.
Ng2 {3} Rg8 {40} 33. Qxa7 {14} Re8 {12} 34. Qa3 {36} Re2 {25} 35. Qc3 {200} Ne5
{4} 36. Qd4 {106} 1-0

[Event "Top 16 Groupe B"]
[Site "Chartres, France"]
[Date "2024.06.01"]
[Round "3.6"]
[White "Robin, Samy"]
[Black "Kuhn, Clement"]
[Result "0-1"]
[WhiteElo "2329"]
[BlackElo "2350"]
[PlyCount "160"]
[EventDate "2024.??.??"]

1. d4 {5} g6 {36} 2. e4 {18} Bg7 {6} 3. Nc3 {64} d6 {61} 4. Nge2 {477} a6 {256}
5. a4 {75} Nc6 {249} 6. d5 {496} Nb4 {159} 7. g3 {364} e6 {185} 8. dxe6 {65}
Bxe6 {19} 9. Bg2 {40} Ne7 {472} 10. O-O {133} O-O {41} 11. Nf4 {330} Qd7 {650}
12. Nxe6 {126} fxe6 {29} 13. Bh3 {475} Rae8 {834} 14. Ne2 {448} a5 {425} 15. c3
{786} Na6 {56} 16. Be3 {11} Nc6 {84} 17. Qb3 {307} b6 {254} 18. Nf4 {14} Rf6 {
101} 19. Nd5 {1114} Rff8 {70} 20. Nf4 {28} Rf6 {252} 21. Nd5 {17} Rf7 {101} 22.
Nf4 {60} Nd8 {233} 23. Qc4 {107} Nb8 {19} 24. Ne2 {315} Nbc6 {47} 25. f4 {7} d5
{239} 26. Qd3 {100} Nb7 {149} 27. Rad1 {6} Ne7 {66} 28. exd5 {110} Nf5 {227}
29. Bf2 {171} exd5 {33} 30. Nd4 {1} Nc5 {83} 31. Nxf5 {49} Nxd3 {351} 32. Nh6+
{1} Bxh6 {6} 33. Bxd7 {2} Rxd7 {7} 34. Rxd3 {1} Re2 {258} 35. b3 {12} Rb2 {297}
36. c4 {82} Re7 37. cxd5 {11} Ree2 38. Kg2 {63} Bf8 39. Kf3 {15} Bd6 {19} 40.
h4 {76} Red2 {107} 41. Rxd2 {112} Rxd2 {4} 42. Re1 {359} Kf7 {183} 43. Re2 {332
} Rxd5 {62} 44. Ke4 {35} Rd1 {7} 45. Bd4 {173} h5 {192} 46. Rc2 {324} Ke6 {204}
47. Re2 {120} Rb1 {72} 48. Re3 {13} Rc1 {57} 49. Bb2 {155} Rd1 {71} 50. Bc3 {
145} Rb1 {207} 51. Bd4 {13} Rf1 {300} 52. Bc3 {39} Rg1 {100} 53. Bd4 {135} Rb1
{4} 54. Bh8 {78} c6 {159} 55. Bd4 {172} b5 {69} 56. axb5 {70} cxb5 {5} 57. Rc3
{25} a4 {64} 58. bxa4 {8} bxa4 59. Rc6 {73} Re1+ {4} 60. Kf3 {5} Kd5 {21} 61.
Ra6 {2} a3 {30} 62. Be5 {61} Bc5 {212} 63. Rxg6 {16} Re3+ {40} 64. Kg2 {3} Re2+
{3} 65. Kh3 {24} a2 {9} 66. Ra6 {17} Ke4 {102} 67. g4 {87} Re3+ {7} 68. Kg2 {6}
Ra3 {69} 69. Rxa3 {92} Bxa3 70. gxh5 {45} Bf8 {58} 71. Kf2 {36} Bh6 {4} 72. Ba1
{15} Bxf4 {5} 73. h6 {5} Bxh6 {10} 74. Ke2 {11} Bf4 {40} 75. Kd1 {10} Kd3 {5}
76. h5 {48} Bd2 {12} 77. Bb2 {41} Be3 78. h6 {84} Bxh6 {5} 79. Ba1 {29} Bd2 80.
Bb2 {10} Be3 {1} 0-1

[Event "Top 16 Groupe B"]
[Site "Chartres, France"]
[Date "2024.06.01"]
[Round "3.7"]
[White "Abergel, Thal"]
[Black "Congiu, Mathilde"]
[Result "1/2-1/2"]
[WhiteElo "2390"]
[BlackElo "2205"]
[PlyCount "75"]
[EventDate "2024.??.??"]

1. e4 {3} c5 {28} 2. Nf3 {12} d6 {19} 3. d4 {8} cxd4 {42} 4. Nxd4 {7} Nf6 {28}
5. Nc3 {5} a6 {27} 6. Bg5 {13} Nbd7 {131} 7. Bc4 {45} Qb6 {162} 8. Bb3 {230} e6
{112} 9. O-O {396} Be7 {343} 10. Kh1 {240} Nc5 {475} 11. f4 {592} Ncxe4 {455}
12. Nxe4 {61} Nxe4 {196} 13. Bxe7 {74} Kxe7 {16} 14. c3 {47} h5 {590} 15. Qe1 {
103} Nf6 {223} 16. Rd1 {250} Kf8 {304} 17. Qh4 {130} Rh6 {473} 18. Nf3 {305}
Bd7 {436} 19. Ng5 {206} Bb5 {238} 20. c4 {260} Be8 {197} 21. Rd2 {301} Rd8 {323
} 22. f5 {205} Qe3 {244} 23. Rdd1 {302} e5 {117} 24. Rfe1 {270} Qc5 {255} 25.
Nf3 {313} Rc8 {338} 26. Rd2 {251} Bc6 {26} 27. Ng5 {4} e4 {140} 28. Qf4 {27}
Qe5 {80} 29. Qxe5 {119} dxe5 {3} 30. c5 {7} Be8 {140} 31. Rc2 {449} Rd8 {4} 32.
h3 {28} Rd4 {32} 33. Rce2 {159} h4 {108} 34. Nxe4 {51} Nh5 {7} 35. Kh2 {156}
Nf4 {21} 36. Rd2 {110} Rxd2 {21} 37. Nxd2 {3} Nd3 {9} 38. Re3 {29} 1/2-1/2

[Event "Top 16 Groupe B"]
[Site "Chartres, France"]
[Date "2024.06.01"]
[Round "3.8"]
[White "Castro, John"]
[Black "Milojevic-Daim, Lola-Shaina"]
[Result "1-0"]
[WhiteElo "2240"]
[BlackElo "1889"]
[PlyCount "57"]
[EventDate "2024.??.??"]

1. e4 {2} e6 {13} 2. d4 {9} d5 {7} 3. Nc3 {55} Bb4 {49} 4. e5 {20} c5 {18} 5.
a3 {7} Bxc3+ {10} 6. bxc3 {2} Qa5 {17} 7. Bd2 {75} Qa4 {17} 8. Qb1 {62} c4 {199
} 9. h4 {72} Ne7 {133} 10. h5 {86} h6 {77} 11. Rh3 {363} Nbc6 {457} 12. Rf3 {
914} b6 {1367} 13. g4 {359} Bd7 {735} 14. Ne2 {898} Rf8 {538} 15. Bh3 {343}
O-O-O {483} 16. g5 {457} hxg5 {592} 17. Bxg5 {48} Rh8 {28} 18. Bxe7 {253} Nxe7
{9} 19. Rxf7 Rxh5 20. Nf4 {1182} Rh4 {198} 21. Qb2 {1351} Nf5 {258} 22. Bxf5 {
49} Rxf4 {23} 23. Bxe6 {10} Re4+ {9} 24. Kd2 {59} Bxe6 {5} 25. Rxg7 {4} Rf8 {44
} 26. Rh1 {39} Qe8 {202} 27. Rxa7 {24} Rxf2+ {81} 28. Kc1 {8} Qc6 {76} 29. Rh8+
{10} 1-0

[Event "Top 16 Groupe B"]
[Site "Chartres, France"]
[Date "2024.06.01"]
[Round "3.9"]
[White "Narayanan S L"]
[Black "Ivanchuk, Vasyl"]
[Result "1/2-1/2"]
[WhiteElo "2695"]
[BlackElo "2609"]
[PlyCount "83"]
[EventDate "2024.??.??"]

1. d4 {23} d5 {11} 2. c4 {39} dxc4 {5} 3. Nf3 {23} a6 {64} 4. e3 {39} e6 {105}
5. Bxc4 {15} Nf6 {16} 6. O-O {45} c5 {11} 7. Be2 {104} cxd4 {166} 8. Nxd4 {111}
Be7 {12} 9. Nd2 {336} e5 {692} 10. N4f3 {647} Nc6 {35} 11. b3 {1166} e4 {64}
12. Ne1 {194} O-O {1775} 13. Bb2 {14} Bf5 {5} 14. Nc2 {593} Bc5 {440} 15. Nc4 {
481} Qe7 {319} 16. Nd4 {36} Bxd4 {34} 17. exd4 {47} Rfd8 {108} 18. Ne3 {204}
Be6 {19} 19. f4 {647} Nd5 {387} 20. Qd2 {319} Qb4 {88} 21. Qxb4 {24} Ncxb4 {2}
22. Nxd5 {33} Bxd5 {20} 23. Bc3 {130} a5 {84} 24. Rfc1 {320} Nd3 {556} 25. Bxd3
{6} exd3 {4} 26. Kf2 {63} b5 {217} 27. g4 {115} Re8 {568} 28. Re1 {5} Rec8 {2}
29. Bd2 {26} a4 {150} 30. Ke3 {10} axb3 {19} 31. axb3 {3} Bxb3 {65} 32. Rxa8 {4
} Rxa8 {3} 33. Kxd3 {9} Bc4+ {89} 34. Kc3 {5} f6 {14} 35. f5 {37} Kf7 {91} 36.
Bf4 {29} Re8 {26} 37. Rxe8 {31} Kxe8 {5} 38. g5 {14} Kd7 {48} 39. gxf6 {14}
gxf6 40. Kb4 {13} Kc6 {12} 41. Bg3 {12} Bd3 {37} 42. Bh4 {5} 1/2-1/2

[Event "Top 16 Groupe B"]
[Site "Chartres, France"]
[Date "2024.06.01"]
[Round "3.10"]
[White "Dardha, Daniel"]
[Black "Navara, David"]
[Result "1/2-1/2"]
[WhiteElo "2650"]
[BlackElo "2678"]
[PlyCount "49"]
[EventDate "2024.??.??"]

1. d4 {9} Nf6 {7} 2. c4 {6} e6 {4} 3. Nc3 {40} Bb4 {5} 4. e3 {11} O-O {10} 5.
a3 {24} Bxc3+ {9} 6. bxc3 {3} d6 {15} 7. Bd3 {49} e5 {11} 8. e4 {81} exd4 {8}
9. cxd4 {3} Nxe4 {25} 10. Ne2 {4} d5 {231} 11. O-O {16} Bf5 {338} 12. Qc2 {583}
Bg6 {507} 13. cxd5 {58} Nf6 {372} 14. Bg5 {209} Bxd3 {494} 15. Qxd3 {5} Nbd7 {
12} 16. Nc3 {1852} h6 {181} 17. Bh4 {15} Re8 {767} 18. Rab1 {199} Nb6 {47} 19.
Rfc1 {163} Rc8 {272} 20. h3 {277} g5 {479} 21. Bg3 {47} Nfxd5 {174} 22. Ne4 {
1009} Re7 {554} 23. Nc5 {264} Rb8 {274} 24. a4 {325} a5 {54} 25. Qb5 {235}
1/2-1/2

[Event "Top 16 Groupe B"]
[Site "Chartres, France"]
[Date "2024.06.01"]
[Round "3.11"]
[White "Nihal Sarin"]
[Black "Shevshenko, Alexey"]
[Result "1-0"]
[WhiteElo "2680"]
[BlackElo "2214"]
[PlyCount "77"]
[EventDate "2024.??.??"]

1. e4 {79} c5 {18} 2. Nf3 {7} Nc6 {4} 3. Bb5 {6} g6 {7} 4. Bxc6 {8} dxc6 {61}
5. d3 {15} Qc7 {47} 6. O-O {109} e5 {131} 7. a4 {93} Nf6 {174} 8. Bd2 {37} Bg7
{714} 9. a5 {8} O-O {103} 10. h3 {6} Be6 {863} 11. Be3 {22} c4 {385} 12. Nc3 {
106} Rfd8 {273} 13. Qe2 {72} cxd3 {144} 14. cxd3 {29} Nh5 {477} 15. Na4 {73}
Nf4 {697} 16. Bxf4 {43} exf4 {2} 17. Nc5 {11} Qe7 {100} 18. Qc2 {18} b6 {418}
19. Nxe6 {368} Qxe6 {5} 20. axb6 {434} axb6 {1} 21. Rxa8 Rxa8 {11} 22. d4 {7}
Re8 {262} 23. Re1 {265} h6 {174} 24. h4 {2148} Bf6 {378} 25. d5 {1135} cxd5 {
208} 26. exd5 {26} Qc8 {81} 27. Rxe8+ {92} Qxe8 {1} 28. d6 {331} Qe6 {305} 29.
Qc7 {261} g5 {148} 30. d7 {22} Qd5 {2} 31. Ne5 {23} Kg7 {112} 32. Nc6 {114}
Qd1+ {73} 33. Kh2 {5} Qc2 {26} 34. Qxb6 {50} g4 {36} 35. Nd4 {166} Qg6 {21} 36.
Ne2 {16} g3+ {40} 37. fxg3 {17} fxg3+ {28} 38. Nxg3 {7} Qg4 {29} 39. Qxf6+ {7}
1-0

[Event "Top 16 Groupe B"]
[Site "Chartres, France"]
[Date "2024.06.01"]
[Round "3.12"]
[White "Maurizzi, Marc Andria"]
[Black "Rakotomaharo, Fy Antenaina"]
[Result "1-0"]
[WhiteElo "2617"]
[BlackElo "2448"]
[PlyCount "47"]
[EventDate "2024.??.??"]

1. e4 {20} c5 {35} 2. Nf3 {61} e6 {31} 3. d4 {22} cxd4 {13} 4. Nxd4 {4} Nf6 {27
} 5. Bd3 {4} Nc6 {106} 6. Nxc6 {32} bxc6 {7} 7. Bf4 {15} d5 {188} 8. Nd2 {47}
a5 {11} 9. e5 {1256} Nd7 {38} 10. O-O {6} Nc5 {1307} 11. Be2 {50} Be7 {29} 12.
c4 {157} O-O {149} 13. Re1 {360} Rb8 {228} 14. Rb1 {41} Ba6 {123} 15. Bf1 {132}
Bg5 {643} 16. Bxg5 {578} Qxg5 {24} 17. Nf3 {43} Qg6 {672} 18. Qd4 {619} Na4 {
1337} 19. b3 {1442} c5 {529} 20. Qd2 {89} dxc4 {314} 21. Qxa5 {391} Bb7 {26}
22. Nh4 {45} Qg4 {222} 23. bxa4 {57} c3 {27} 24. g3 {86} 1-0

[Event "Top 16 Groupe B"]
[Site "Chartres, France"]
[Date "2024.06.01"]
[Round "3.13"]
[White "Edouard, Romain"]
[Black "Lagarde, Maxime"]
[Result "0-1"]
[WhiteElo "2528"]
[BlackElo "2622"]
[PlyCount "76"]
[EventDate "2024.??.??"]

1. Nf3 {2} Nf6 {6} 2. g3 {17} e6 {5} 3. Bg2 {38} Be7 {14} 4. O-O {61} O-O {10}
5. d3 {249} d5 {5} 6. Nbd2 {4} c5 {4} 7. e4 {7} Nc6 {4} 8. Re1 {14} b5 {21} 9.
e5 {49} Nd7 {5} 10. Nf1 {5} Bb7 {21} 11. h4 {8} a5 {28} 12. N1h2 {14} a4 {24}
13. h5 {143} h6 {48} 14. Ng4 {53} Qc7 {412} 15. Bf4 {1895} Rfb8 {1072} 16. Qd2
{889} Qd8 {600} 17. a3 {750} Bf8 {787} 18. Rad1 {138} d4 {260} 19. Ngh2 {204}
Nb6 {853} 20. g4 {15} c4 {120} 21. g5 {118} c3 {92} 22. bxc3 {5} dxc3 {8} 23.
Qc1 {53} Nd5 {838} 24. Re4 {417} b4 {131} 25. gxh6 {183} b3 {63} 26. hxg7 {4}
Bxg7 {194} 27. cxb3 {194} axb3 {8} 28. Bg5 {19} b2 {102} 29. Qc2 {2} Rxa3 {141}
30. Bxd8 {39} Ncb4 {20} 31. Qe2 {146} c2 {35} 32. Rf1 {160} Nc3 {195} 33. Qd2 {
82} Bxe4 {13} 34. Qg5 {112} c1=Q {33} 35. Nd2 {12} Ne2+ {64} 36. Kh1 {1} Nxd3 {
98} 37. Ng4 {81} Nxf2+ {12} 38. Nxf2 {100} Rg3 {30} 0-1

[Event "Top 16 Groupe B"]
[Site "Chartres, France"]
[Date "2024.06.01"]
[Round "3.14"]
[White "Bauer, Christian"]
[Black "Riff, Jean-Noel"]
[Result "1-0"]
[WhiteElo "2572"]
[BlackElo "2405"]
[PlyCount "74"]
[EventDate "2024.??.??"]

1. e4 {2} e5 {16} 2. Nf3 {7} Nc6 {5} 3. Bb5 {18} a6 {6} 4. Ba4 {5} f5 {3} 5. d4
{261} exd4 {54} 6. e5 {86} b5 {42} 7. Bb3 {6} Na5 {38} 8. Bd5 {425} c6 {187} 9.
Bxg8 {6} Rxg8 {2} 10. O-O {104} Bb7 {1907} 11. Qxd4 {522} Be7 {1774} 12. Re1 {
1113} Qc7 {76} 13. Qd6 {882} Qd8 {973} 14. Qd3 {88} Qc7 {1} 15. Bg5 {918} Bxg5
{94} 16. Nxg5 {1} h6 {48} 17. e6 {653} hxg5 {171} 18. exd7+ {4} Kd8 {2} 19.
Qxf5 {28} Qf4 {5} 20. Qc5 {37} Kc7 {21} 21. Nc3 {63} Qd6 {8} 22. Qxg5 {512}
Rad8 {58} 23. Rad1 {29} Qh6 {510} 24. Qg3+ Kb6 {1} 25. Rd6 {14} Qh5 {14} 26. b3
{158} Ka7 {22} 27. Re5 {13} Qf7 {33} 28. Qe3+ {17} Ka8 {1} 29. Re7 {17} Qh5 {23
} 30. Ne4 {66} Qf5 {209} 31. Qc5 {47} Qxc5 {38} 32. Nxc5 {1} Kb8 33. Rg6 {29}
Kc7 {9} 34. Rexg7 {44} Rxg7 {25} 35. Rxg7 {1} Kd6 36. b4 {14} Ba8 37. Rg6+ {16}
Kd5 {20} 1-0

[Event "Top 16 Groupe B"]
[Site "Chartres, France"]
[Date "2024.06.01"]
[Round "3.15"]
[White "Terrieux, Kevin"]
[Black "Droin, Augustin"]
[Result "1-0"]
[WhiteElo "2409"]
[BlackElo "2476"]
[PlyCount "81"]
[EventDate "2024.??.??"]

1. Nf3 {2} Nf6 {27} 2. g3 {49} b5 {9} 3. Bg2 {61} Bb7 {5} 4. O-O {102} e6 {25}
5. d3 {128} Be7 {194} 6. e4 {84} d6 {12} 7. a4 {745} a6 {238} 8. Nbd2 {641} c5
9. Qe2 {240} Nc6 {73} 10. c3 {16} O-O {293} 11. Rd1 {156} Qb6 {321} 12. Nf1 {
126} d5 {166} 13. e5 {730} Nd7 {11} 14. h4 {34} Na5 {228} 15. Bg5 {25} Bxg5 {11
} 16. hxg5 {40} b4 {163} 17. N1h2 {699} Bc6 {252} 18. Ng4 {90} bxc3 {328} 19.
bxc3 {10} Rab8 {11} 20. Qe3 {168} Qc7 {231} 21. Qf4 {442} Kh8 {311} 22. Kh2 {
204} f6 {334} 23. gxf6 {269} gxf6 {3} 24. Re1 {420} d4 {370} 25. Nh4 {140} Nxe5
{173} 26. cxd4 {115} cxd4 {377} 27. Rac1 {71} Qg7 {493} 28. Nxe5 {24} fxe5 {3}
29. Qxe5 {12} Bxg2 {76} 30. Kxg2 {218} Rb2 {134} 31. Nf3 {105} Nb3 {103} 32.
Rc7 {200} Qxe5 {282} 33. Rxe5 {1} Rf6 {85} 34. Rg5 {96} h6 {60} 35. Rc8+ {9}
Kh7 {6} 36. Rc7+ {4} Kh8 {2} 37. Rgg7 {49} Rc2 {178} 38. Rh7+ {52} Kg8 {3} 39.
Rcg7+ {9} Kf8 {3} 40. Rb7 {17} Kg8 {24} 41. Rhg7+ {62} 1-0

[Event "Top 16 Groupe B"]
[Site "Chartres, France"]
[Date "2024.06.01"]
[Round "3.16"]
[White "Daulyte-Cornette, Deimante"]
[Black "Navrotescu, Andreea"]
[Result "1-0"]
[WhiteElo "2381"]
[BlackElo "2220"]
[PlyCount "61"]
[EventDate "2024.??.??"]

1. e4 {2} e6 {26} 2. d4 {18} d5 {8} 3. Nc3 {20} Bb4 {10} 4. exd5 {21} exd5 {18}
5. Bd3 {12} Nf6 {9} 6. a3 {24} Bxc3+ {32} 7. bxc3 {5} O-O {22} 8. Ne2 {45} b6 {
351} 9. O-O {125} Ba6 {93} 10. Ng3 {332} c6 {239} 11. Qf3 {487} Bxd3 {534} 12.
cxd3 {31} Re8 {1191} 13. Bg5 {646} Nbd7 {69} 14. Nf5 {319} Re6 {111} 15. a4 {
582} Qf8 {75} 16. Bc1 {45} Qb8 {977} 17. c4 {1059} a6 {214} 18. Ba3 {370} g6 {
831} 19. Ne7+ {407} Kh8 {81} 20. cxd5 {220} cxd5 {7} 21. Nxd5 {12} Qb7 {100}
22. Nc7 {38} Qxf3 {52} 23. gxf3 {4} Ree8 {83} 24. Rac1 {152} b5 {172} 25. a5 {
358} Kg8 {69} 26. Nxa8 {52} Rxa8 {4} 27. Rc7 {15} Re8 {163} 28. Ra7 {63} Re2 {
40} 29. Rxa6 {42} Ra2 {18} 30. Bd6 {65} Nd5 {96} 31. Ra7 {36} 1-0

[Event "Top 16 Groupe B"]
[Site "Chartres, France"]
[Date "2024.06.01"]
[Round "3.17"]
[White "Aravindh, Chithambaram Vr"]
[Black "Fressinet, Laurent"]
[Result "1/2-1/2"]
[WhiteElo "2670"]
[BlackElo "2633"]
[PlyCount "55"]
[EventDate "2024.??.??"]

1. d4 {5} d5 {48} 2. c4 {13} e6 {4} 3. Nc3 {13} Nf6 {13} 4. Bg5 {26} Be7 {21}
5. Nf3 {23} h6 {28} 6. Bh4 {16} O-O {37} 7. e3 {8} Nbd7 {10} 8. Qc2 {90} c6 {
422} 9. a3 {60} Ne8 {108} 10. Bg3 {991} Nd6 {79} 11. cxd5 {23} exd5 {8} 12. Bd3
{12} Nf6 {74} 13. h3 {68} Re8 {154} 14. O-O {106} Bf8 {454} 15. Bh2 {626} Nfe4
{695} 16. Ne5 {415} Be6 {359} 17. Ne2 {205} Qc8 {761} 18. f3 {973} Nf6 {135}
19. g4 {223} c5 {340} 20. Qxc5 {335} Qxc5 {132} 21. dxc5 {5} Nc4 {5} 22. b4 {44
} Nxe3 {107} 23. Rfe1 {608} Nd7 {95} 24. Nd4 {658} Nxe5 {129} 25. Bxe5 {128}
Nc4 {9} 26. Bxc4 {154} dxc4 {6} 27. Nb5 {17} f6 {525} 28. Bf4 {147} 1/2-1/2

[Event "Top 16 Groupe B"]
[Site "Chartres, France"]
[Date "2024.06.01"]
[Round "3.18"]
[White "Ragger, Markus"]
[Black "Karthikeyan, Murali"]
[Result "1/2-1/2"]
[WhiteElo "2601"]
[BlackElo "2610"]
[PlyCount "111"]
[EventDate "2024.??.??"]

1. d4 {2} Nf6 {11} 2. c4 {2} e6 {8} 3. Nf3 {4} d5 {7} 4. g3 {4} dxc4 {8} 5. Bg2
{4} a6 {8} 6. O-O {26} Nc6 {12} 7. Qd2 {14} Rb8 {202} 8. Ne5 {320} Nxe5 {681}
9. dxe5 {19} Nd7 {383} 10. Rd1 {695} Be7 {215} 11. Qc2 {1438} O-O {158} 12. Bf4
{527} b5 {545} 13. Nc3 {349} c5 {230} 14. Ne4 {64} Rb6 {707} 15. a4 {150} Qc7 {
458} 16. a5 {138} Rc6 {16} 17. Nf6+ {274} gxf6 {581} 18. exf6 {8} Bd6 {18} 19.
Bxc6 {217} Bxf4 {5} 20. Bxd7 {51} Be5 {10} 21. Bxc8 {280} Rxc8 {12} 22. Rd2 {40
} Bxf6 {81} 23. e3 {486} Kg7 {289} 24. Rad1 {68} Qe5 {285} 25. Re2 {118} Rd8 {
339} 26. Rxd8 {114} Bxd8 {1} 27. Rd2 {7} Bxa5 {205} 28. Rd7 {5} c3 {72} 29.
bxc3 {147} Bxc3 {48} 30. Qe2 {280} Qe4 {160} 31. Qh5 {18} Qf5 {114} 32. Qe2 {
130} b4 {135} 33. e4 {59} Qf6 {81} 34. Rb7 {206} a5 {47} 35. Rb5 {101} a4 {249}
36. Rxc5 {16} a3 {38} 37. Ra5 {49} Bd4 {82} 38. Kg2 {44} h6 {32} 39. Qd2 {82}
e5 {32} 40. Qe2 {13} Qe6 {27} 41. Ra6 {136} Qc8 {237} 42. Ra4 {494} Qb7 {299}
43. Qg4+ {220} Kf8 {7} 44. Qh4 {72} Ke8 {180} 45. Qg4 {198} b3 {126} 46. Rxa3 {
166} b2 {83} 47. Qg8+ {22} Ke7 {4} 48. Rf3 {7} Qxe4 {111} 49. Qxf7+ {7} Kd6 {70
} 50. Qf8+ {90} Kc7 {107} 51. Qe7+ {31} Kc6 {87} 52. Qe8+ {122} Kc5 {137} 53.
Qc8+ {75} Kb5 {100} 54. Qd7+ {60} Ka5 {256} 55. Qd8+ {94} Kb5 {53} 56. Qd7+ {2}
1/2-1/2

[Event "Top 16 Groupe B"]
[Site "Chartres, France"]
[Date "2024.06.01"]
[Round "3.19"]
[White "Pranesh M"]
[Black "Rodshtein, Maxim"]
[Result "1/2-1/2"]
[WhiteElo "2535"]
[BlackElo "2593"]
[PlyCount "125"]
[EventDate "2024.??.??"]

1. e4 {3} c5 {7} 2. Nf3 {5} d6 {11} 3. d4 {4} cxd4 {5} 4. Nxd4 {7} Nf6 {7} 5.
Nc3 {11} a6 {7} 6. Bd3 {18} g6 {52} 7. f3 {10} e5 {59} 8. Nde2 {83} Be6 {27} 9.
O-O {143} Nbd7 {201} 10. f4 {373} exf4 {1051} 11. Nxf4 {112} Ne5 {139} 12. Nxe6
{218} fxe6 {6} 13. Ne2 {51} Bg7 {379} 14. Nd4 {167} Qe7 {393} 15. c3 {133} O-O
{783} 16. Bc2 {61} Nfd7 {44} 17. Bf4 {319} Rac8 {594} 18. Qe2 {274} Kh8 {269}
19. Bg3 {290} Rxf1+ {228} 20. Rxf1 {22} Nc6 {68} 21. Nxc6 {290} Rxc6 {10} 22.
Qf2 {124} Ne5 {154} 23. Bh4 {134} Qd7 {244} 24. Rd1 {251} b5 25. Bb3 {274} h6 {
261} 26. a4 {275} Kh7 {230} 27. Bg3 {152} Qe7 {216} 28. h3 {182} bxa4 {316} 29.
Bxa4 {26} Rc5 {16} 30. Qe2 {60} a5 {6} 31. Bf2 {114} Rc4 {140} 32. Bb5 {123}
Rc8 {3} 33. Ra1 {190} Qc7 {54} 34. Rd1 {165} g5 {96} 35. c4 {189} Ng6 {68} 36.
g3 {41} Rf8 {60} 37. Kg2 {60} Ne5 {39} 38. Rf1 {132} Qb7 {114} 39. Be1 {49}
Rxf1 {18} 40. Kxf1 {3} Qb6 {127} 41. Bf2 {190} Qc7 {54} 42. b3 {591} Qb7 {123}
43. Be1 {50} Qb6 {33} 44. Kg2 {125} Qa7 {139} 45. Bd2 {297} Qb6 {163} 46. Qe3 {
97} Qd8 {280} 47. Kf1 {267} Qc7 {186} 48. Ke2 {38} g4 {49} 49. hxg4 {59} Nxg4 {
4} 50. Qf4 {18} Ne5 {10} 51. g4 {163} Qa7 {191} 52. g5 {124} hxg5 {201} 53.
Qxg5 {28} Qf7 {113} 54. Bf4 {237} Bf6 {218} 55. Qh6+ {36} Kg8 {2} 56. Qh3 {67}
Bg7 {33} 57. Bd2 {103} Qg6 {34} 58. Kd1 {77} Ng4 {75} 59. Qf3 {10} Ne5 {80} 60.
Qh3 {34} Ng4 {17} 61. Qf3 {7} Ne5 {5} 62. Qh3 {82} Ng4 {5} 63. Qf3 {6} 1/2-1/2